Southville International School and Colleges
Your cart is empty.
  • Cart
  • Lists
    Public lists Eva Luna New books Lux_list list_1
    Your lists Log in to create your own lists
  • Log in to your account
  • Your cookies
  • Search history
Southville International School and Colleges
  • Advanced search
  • Recent comments
  • Most popular
  • Libraries

Log in to your account

Log in with GOOGLE


If you do not have an external account, but do have a local account, you can still log in:

  1. Home
  2. MARC view: My day /
Normal view MARC view ISBD view

My day / (Record no. 104316)

[ view plain ]
MARC details
000 -LEADER
fixed length control field 00559nam a2200169 a 4500
005 - DATE AND TIME OF LATEST TRANSACTION
control field 20140412111319.0
008 - FIXED-LENGTH DATA ELEMENTS--GENERAL INFORMATION
fixed length control field 000824s19uu xx 00 eng d
020 ## - INTERNATIONAL STANDARD BOOK NUMBER
International Standard Book Number 0-19-272331-6
050 ## - LIBRARY OF CONGRESS CALL NUMBER
Classification number TR(PS E
Item number My99 1997
100 ## - MAIN ENTRY--PERSONAL NAME
Personal name Tucker, Stephen
245 ## - TITLE STATEMENT
Title My day /
Statement of responsibility, etc text by Stephen Tucker ; illustrations by Nick Sharratt.
260 ## - PUBLICATION, DISTRIBUTION, ETC. (IMPRINT)
Place of publication, distribution, etc Oxford, OX :
Name of publisher, distributor, etc Oxford University Press,
Date of publication, distribution, etc 1997.
300 ## - PHYSICAL DESCRIPTION
Extent 1 v. (unp.) ; ill.
520 ## - SUMMARY, ETC.
Summary, etc What kind of day is it going to be? Open the book and you will see.
650 ## - SUBJECT ADDED ENTRY--TOPICAL TERM
Topical term or geographic name as entry element Baby stories-Fiction
Holdings
Withdrawn status Lost status Damaged status Home library Current library Shelving location Date acquired Source of acquisition Total Checkouts Full call number Barcode Date last seen Price effective from Koha item type
      Elizalde Library Elizalde Library Teachers Reference Section 08/24/2000     TR(PS E My99 1997 E7350 04/12/2014 04/12/2014 Books

My day /

APA

Tucker S., . (1997). My day. Oxford, OX: Oxford University Press.

Chicago

Tucker Stephen, . 1997. My day. Oxford, OX: Oxford University Press.

Harvard

Tucker S., . (1997). My day. Oxford, OX: Oxford University Press.

MLA

Tucker Stephen, . My day. Oxford, OX: Oxford University Press. 1997.

  • Place hold
  • Print
  • Cite
  • Add to your cart (remove)
  • Save record
    BIBTEX Dublin Core MARCXML MARC (non-Unicode/MARC-8) MARC (Unicode/UTF-8) MARC (Unicode/UTF-8, Standard) MODS (XML) RIS
  • More searches
    Search for this title in:
    Other Libraries (WorldCat) Other Databases (Google Scholar) Online Stores (Bookfinder.com) Open Library (openlibrary.org)

Exporting to Dublin Core...

SOUTHVILLE LIBRARY

Southville International School and Colleges Library

1281 Tropical Ave. Cor. Luxembourg St., BF Homes International, Las Pinas City

Tel. No. 8256374 / 252358 Loc. 117/146

Powered by Koha